La conciliación y mecanismos alternativos de solución de conflictos : (Registro nro. 7457)
[ vista simple ]
| 000 -LEADER | |
|---|---|
| fixed length control field | 01507cam a2200289 a 4500 |
| 003 - CONTROL NUMBER IDENTIFIER | |
| control field | OSt |
| 005 - DATE AND TIME OF LATEST TRANSACTION | |
| control field | 20210305134110.0 |
| 008 - FIXED-LENGTH DATA ELEMENTS--GENERAL INFORMATION | |
| fixed length control field | 050406s2002 ck r 001 0 spa d |
| 020 ## - INTERNATIONAL STANDARD BOOK NUMBER | |
| International Standard Book Number | 9586354520 |
| 040 ## - CATALOGING SOURCE | |
| Original cataloging agency | DLC |
| Transcribing agency | CO-JMCR |
| Modifying agency | CO-BoPUJ |
| 041 0# - LANGUAGE CODE | |
| Language code of text/sound track or separate title | spa |
| 082 04 - DEWEY DECIMAL CLASSIFICATION NUMBER | |
| Classification number | 345.1 / |
| Item number | C933c |
| Edition number | 23 |
| 100 1# - MAIN ENTRY--PERSONAL NAME | |
| Personal name | Cristancho Moyano, Juan Pablo, |
| Relator term | autor |
| 9 (RLIN) | 12905 |
| 245 13 - TITLE STATEMENT | |
| Title | La conciliación y mecanismos alternativos de solución de conflictos : |
| Remainder of title | jueces de paz / |
| Statement of responsibility, etc. | Juan Pablo Cristancho Moyano |
| 250 ## - EDITION STATEMENT | |
| Edition statement | Segunda edición |
| 260 ## - PUBLICATION, DISTRIBUTION, ETC. | |
| Place of publication, distribution, etc. | Bogotá : |
| Name of publisher, distributor, etc. | Librería del Profesional, |
| Date of publication, distribution, etc. | 2002. |
| 300 ## - PHYSICAL DESCRIPTION | |
| Extent | 403 páginas ; |
| Dimensions | 24 cm. |
| 500 ## - GENERAL NOTE | |
| General note | Incluye índice. |
| 505 0# - FORMATTED CONTENTS NOTE | |
| Title | Casos y modelos prácticos. -- Actas de conciliación (Civil, Laboral, Familia, etc.), peticiones, autos, marco tarifario, informes, registro, archivos de actas de conciliación. -- Justicia de paz, arbitramiento y amigable composición, concordancias, comentarios, jurisprudencia y legislación. |
| 520 0# - SUMMARY, ETC. | |
| Summary, etc. | La obra en su primer título, realiza un recorrido a través de Europa, Asia y América, para buscar las verdaderas raices que dierón origen a la figura jurídica de la Conciliación. |
| 650 24 - SUBJECT ADDED ENTRY--TOPICAL TERM | |
| Topical term or geographic name entry element | Conciliación (Procedimiento civil) |
| General subdivision | Legislación |
| Geographic subdivision | Colombia |
| 9 (RLIN) | 14418 |
| 650 24 - SUBJECT ADDED ENTRY--TOPICAL TERM | |
| Topical term or geographic name entry element | Conciliación |
| General subdivision | Aspectos jurídicos |
| Geographic subdivision | Colombia |
| 9 (RLIN) | 14419 |
| 650 24 - SUBJECT ADDED ENTRY--TOPICAL TERM | |
| Topical term or geographic name entry element | Solución de conflictos |
| General subdivision | Legislación |
| Geographic subdivision | Colombia |
| 9 (RLIN) | 14420 |
| 650 24 - SUBJECT ADDED ENTRY--TOPICAL TERM | |
| Topical term or geographic name entry element | Mediación |
| General subdivision | Legislación |
| Geographic subdivision | Colombia |
| 9 (RLIN) | 14421 |
| 650 24 - SUBJECT ADDED ENTRY--TOPICAL TERM | |
| Topical term or geographic name entry element | Jueces de paz |
| Geographic subdivision | Colombia |
| 9 (RLIN) | 14422 |
| 942 ## - ADDED ENTRY ELEMENTS (KOHA) | |
| Source of classification or shelving scheme | Dewey Decimal Classification |
| Koha item type | Books |
| Withdrawn status | Lost status | Source of classification or shelving scheme | Damaged status | Not for loan | Home library | Current library | Shelving location | Date acquired | Source of acquisition | Total Checkouts | Total Renewals | Full call number | Barcode | Date last seen | Date last checked out | Copy number | Price effective from | Koha item type |
|---|---|---|---|---|---|---|---|---|---|---|---|---|---|---|---|---|---|---|
| Dewey Decimal Classification | Biblioteca Pública José María del Castillo y Rada | Biblioteca Pública José María del Castillo y Rada | General Stacks | Donación | 1 | 2 | 345.1 / C933c | 201810707 | 07/30/2024 | 06/26/2024 | Ej.1 | Books |